L'australie en animaux - Statistiques

Statistiques générales
  • Ce quiz a été pris 280 fois
  • Le résultat moyen est 5 sur 15
Statistiques - réponses
numeros indice Réponse % Correct
2 trop chou kangourou
97%
3 trop chou koala
92%
13 trop chou emeu
59%
5 trop chou dingo
34%
6 trop chou diable de tasmanie
32%
4 trop chou wombat
30%
1 trop chou ornithorynque
29%
11 trop chou requin
23%
10 trop chou casoar
19%
8 trop chou quokka
16%
15 trop chou cacatoes
8%
14 trop chou echnidée
6%
9 trop chou Kookaburra
5%
12 trop chou cygne noir
1%
7 trop chou grenouille verte
0%
Aucun quiz correspondant
Distribution des résultats
% des personnes avec chaque résultat
Percentile par nombre de réponses
Votre historique - résultats
Vous n’avez pas pris ce quiz